2017-2018 EPL Teams by consecutive years spent in the Premier League - Statistics

General Stats
  • This quiz has been taken 105 times
  • The average score is 10 of 20
Answer Stats
Last year promoted Team Consecutive years spent in top % Correct
1913 Arsenal 105 years
96%
1954 Everton 64 years
91%
1962 Liverpool 56 years
89%
1975 Manchester United 43 years
89%
1977 Tottenham Hotspur 41 years
82%
1989 Chelsea 29 years
78%
2002 Manchester City 16 years
75%
2017 Brighton & Hove Albion 1 year
48%
2017 Newcastle United 1 year
48%
2016 Burnley 2 years
41%
2017 Huddersfield 1 year
38%
2008 Stoke City 10 years
38%
2012 West Ham 6 years
38%
2014 Leicester City 4 years
37%
2012 Southampton 6 years
35%
2015 Bournemouth 3 years
34%
2011 Swansea 7 years
32%
2015 Watford 3 years
30%
2013 Crystal Palace 5 years
28%
2010 West Brom Albion 8 years
1%
No matching quizzes found
Score Distribution
Percent of People with Each Score
Percentile by Number Answered
Your Score History
You have not taken this quiz